Integrative Multitheoretical Psychotherapy (Record no. 4457)
[ view plain ]
| 000 -LEADER | |
|---|---|
| fixed length control field | 01718cam a22002054a 4500 |
| 005 - ΗΜΕΡΟΜΗΝΙΑ ΚΑΙ ΩΡΑ ΤΕΛΕΥΤΑΙΑΣ ΕΝΗΜΕΡΩΣΗΣ | |
| Πεδίο ελέγχου | 20250605164146.0 |
| 008 - FIXED-LENGTH DATA ELEMENTS--GENERAL INFORMATION | |
| Πεδίο ελέγχου σταθερού μήκους | 250528s ||||||||||||||||||||||||d |
| 035 ## - SYSTEM CONTROL NUMBER | |
| System control number | 19184 |
| 020 ## - ISBN | |
| ISBN | 61825322 |
| 040 ## - ΠΗΓΗ ΚΑΤΑΛΟΓΟΓΡΑΦΗΣΗΣ | |
| Φορέας πρωτότυπης καταλογογράφησης | MC Athens Campus Library |
| Γλώσσα καταλογογράφησης | Ελληνικά, Μοντέρνα (1453-) |
| Modifying agency | MC Athens Campus Library |
| Κανόνες περιγραφικής καταλογογράφησης | AACR2 |
| 245 1# - ΤΙΤΛΟΣ ΚΑΙ ΔΗΛΩΣΗ ΥΠΕΥΘΥΝΟΤΗΤΑΣ | |
| Τίτλος | Integrative Multitheoretical Psychotherapy |
| 250 ## - EDITION STATEMENT | |
| Edition statement | 1st |
| 260 ## - PUBLICATION, DISTRIBUTION, ETC. | |
| Name of publisher, distributor, etc. | Lahaska Press, |
| Date of publication, distribution, etc. | 2008 |
| 300 ## - PHYSICAL DESCRIPTION | |
| Extent | 532 |
| 520 ## - SUMMARY, ETC. | |
| Summary, etc. | This approach will prove useful for a broad audience of graduate students and professionals from diverse academic fields including psychology, counselling, social work, psychiatry, nursing, and marriage and family therapy. Preface, A New Approach to Psychotherapy Integration, Introduction to Psychotherapy and Integration, Five Principles for Psychotherapy Integration, Multidimensional Adaptation and Integrative Treatment Planning, Key Strategies: Translating Psychotherapy Theories into Practical Skills, Cognitive Psychotherapy: Encouraging Functional Thoughts, Behavioral Psychotherapy: Choosing Effective Actions, Experiential - Humanistic Psychotherapy: Exploring Feelings and Personal Experiences, Biopsychosocial Psychotherapy: Connecting Body and Brain, Psychodynamic - Interpersonal Psychotherapy: Modifying Interpersonal Patterns, Systematic - Constructivist Psychotherapy: Living within Social Systems, Multicultural - Feminist Psychotherapy: Adapting to Cultural Contexts, Applications to Treatment and Training, Multi theoretical Psychotherapy in Action: Case Examples with Four Different Diagnoses, Training and Supervision in Multi theoretical Psychotherapy, Appendixes, References, Name and Subject Index. |
| 700 1# - ΠΡΟΣΘΕΤΗ ΑΝΑΓΡΑΦΗ--ΦΥΣΙΚΟ ΠΡΟΣΩΠΟ | |
| Personal name | Brooks-Harris Jeff E |
| 9 (RLIN) | 5429 |
| 942 ## - ADDED ENTRY ELEMENTS (KOHA) | |
| Koha item type | Books |
| Τύπος τεκμηρίου | Βιβλιοθήκη | Τρέχουσα τοποθεσία | Barcode | Αριθμός εισαγωγής | Ημερομηνία απόκτησης | Ταξιθετικό σύμβολο | Αριθμός αντιτύπου | Κατάσταση απόσυρσης | Κατάσταση χαμένου | Κατάσταση κατεστραμμένου | Μη δανεισμός | Σύνολο δανεισμών | Ημερομηνία τελευταίας εμφάνισης | Η τιμή ισχύει από |
|---|---|---|---|---|---|---|---|---|---|---|---|---|---|---|
| Books | MC Athens Campus Library | MC Athens Campus Library | 9780000044563 | 5160 | 05/06/2025 | 616.8914 BRO | 1 | 05/06/2025 | 05/06/2025 |